书目信息 |
| 题名: |
巴拿赫空间引论
|
|
| 作者: | 定光桂 著 | |
| 分册: | ||
| 出版信息: | 北京 科学出版社 1984.08 |
|
| 页数: | 531页 | |
| 开本: | 32开 | |
| 丛书名: | ||
| 单 册: | ||
| 中图分类: | O177.2 | |
| 科图分类: | ||
| 主题词: | 数学分析 | |
| 电子资源: | ||
| ISBN: | 7-03-005989-1 | |
| 000 | 00539nam0 2200193 45 | |
| 001 | 1009041285 | |
| 005 | 20100904130109.9 | |
| 010 | @a7-03-005989-1@d34.00元 | |
| 100 | @a20100904d1984 km y0chiy0120 ea | |
| 101 | 0 | @achi |
| 105 | @a z 000yy | |
| 200 | 1 | @a巴拿赫空间引论@ABa Na He Kong Jian Yin Lun@f定光桂著@FDing Guang Gui Zhu |
| 210 | @a北京@c科学出版社@d1984.08 | |
| 215 | @a531页@d32开 | |
| 606 | 0 | @a数学分析 |
| 690 | @aO177.2@v3 | |
| 701 | 0 | @a定光桂@4著 |
| 801 | @aCN@bPftUser@c20100904 | |
| 905 | @b119596-597@dO177.2@eD267@f2 | |
| 巴拿赫空间引论/定光桂著.-北京:科学出版社,1984.08 |
| 531页;32开 |
| ISBN 7-03-005989-1:34.00元 |
| ● |
| 相关链接 |
|
|
|
正题名:巴拿赫空间引论
索取号:O177.2/D267
 
预约/预借
| 序号 | 登录号 | 条形码 | 馆藏地/架位号 | 状态 | 备注 |
| 1 | 119596 | 201195964 | 自科二线504/504自科库 48排4列6层/ [索取号:O177.2/D267] | 在馆 | |
| 2 | 119597 | 201195973 | 自科二线504/504自科库 48排4列6层/ [索取号:O177.2/D267] | 在馆 |